000
00369nam a22001577a 4500
003
MPLRDC
005
20220104153228.0
008
210129b ||||| |||| 00| 0 eng d
082
_a
947.417 CS v.2
100
_a
村上
245
_a
猛龙拳王. PART 2
_c
260
_a
_b
创艺出版社
_c
300
_b
平
650
_a
长篇漫画
942
_c
BK
_o
947.417 CS v.2
999
_c
53330
_d
53320